| 000 | 02761nam a22002897a 4500 | ||
|---|---|---|---|
| 999 |
_c21786 _d21786 |
||
| 003 | AR-CdUCM | ||
| 008 | 190425b ||||| |||| 00| 0 spa d | ||
| 040 |
_aMUNICIPALIDAD PROVINCIAL DEL CUSCO _cBIBLIOTECA MUNICIPAL DEL CUSCO |
||
| 082 | _aRev.Univ/N°140/2008 | ||
| 110 |
_aUniversidad Nacional de San Antonio Abad del Cusco _915942 |
||
| 245 |
_aRevista Universitaria : _bÓrgano de la Universidad del Cuzco / |
||
| 260 |
_aCusco : _bUniversitaria, _c2008. |
||
| 300 |
_a282 páginas. : _bilustraciones en color. _c29 cm. |
||
| 440 |
_aRevista Universitaria _nAño ?, 2008, N°140. _946104 |
||
| 500 | _aEjemplar 2 donación Mesa Redonda Panamericana | ||
| 505 | _aContenido: Caracterización de las Antocianinas de los frutos de berberis boliviana Lechler Chiqñchi. Carla del Carpio Jiménez. -- Flavonoides actividad antioxidante de plantas medicinales del Cusco. -- Estudio del bromuro de 5-Fenil-1,2,3,6-tetrahidro-1,1-dimetil-3 oxopiridinio y sus derivados. Celina Luizar Obregón. -- Los bosques de Polylepis de la cordillera del Vilcanota diversidad y servicios ambientales. Alfredo Tupayachi Herrera. -- Sonidos emitidos por tres especies de Furnáridos en el humedal de Lucre Huacarpay Cusco. José Luis Venero Gonzales. -- Estructuras de matriz energéticas y sus implicancias actuales en el sector eléctrico peruano. Vladimir Canal Bravo. -- Estudio Bioecológico de LLullucha Nostoc SP. Luciano Cruz Miranda. -- Autoevaluaciones de las capacidades regionales de Cusco para el cumplimiento de los acuerdos globales. Rosa Urrunaga Soria. -- Gobierno y democracia. Faustino Luna Farfán. -- Luis Nieto Miranda el cultor del romancero andino. Enrique Rosas Paravicino. -- Rosas Paravicino la novela histórica por vía del mito. Mario Pantoja. -- Discursos memorias e imaginarios amazónicos desde el alto Acre. Oscar Paredes Pando. -- Osteomielitis. Felipe Laquihuanaco Loza. -- Estructura cognitiva de la idea obsesiva. Gustavo Valdivia Rivera. -- Las revistas universitarias. Gustavo Pérez Ocampo. -- La tierra un planeta diseñado para la vida. -- Los desastres naturales en el país. Juan Eduardo Gil Mora. -- Arguedas runasimipi. Jaime Pantigozo Montes. -- Matsigenka Kentagetiriria Ityomiani maniro. Yairombari Sapapoare Menkori. -- Un mundo dividido. Washington Delgado. -- El Cuzco del siglo XIX. Paul Marcoy. | ||
| 650 |
_aBotánica cusqueña _945807 |
||
| 650 |
_aFolklore cusqueño _98693 |
||
| 650 |
_aPlantas medicinales _914338 |
||
| 700 |
_aPantigozo Montes, Jaime _9946 |
||
| 700 |
_aRosas Paravicino, Enrique _9417 |
||
| 700 |
_aVenero Gonzales, José Luis _946105 |
||
| 700 |
_aLuna Farfán, Faustino _946106 |
||
| 710 |
_aUniversidad Nacional de San Antonio Abad del Cusco _915942 |
||
| 942 |
_2ddc _cPP |
||
| 945 | _arac | ||